[Event "Match"]
[Site "www.echecsemail.com"]
[Date "2015.03.07"]
[Round "1"]
[White "Fabos12"]
[Black "Wildsmokey"]
[WhiteElo "1890"]
[BlackElo "2110"]
[Result "1-0"]
[Round "1"]
1.e4 e5
2.Nb1c3 Ng8f6
3.Ng1f3 Nb8c6
4.d4 exd4
5.Nf3xd4 Bf8c5
6.Nd4xc6 bxc6
7.h3  { time }
1-0

[Event "Match"]
[Site "www.echecsemail.com"]
[Date "2015.03.07"]
[Round "1"]
[White "Kesalon"]
[Black "Susov"]
[WhiteElo "999"]
[BlackElo "1790"]
[Result "1-0"]
[Round "1"]
1.e4 e5
2.Ng1f3 Nb8c6
3.Bf1c4 h6
4.d4 exd4
5.Nf3xd4 Nc6xd4
6.Qd1xd4 d6
7.Nb1c3 Ng8f6
8.Bc1f4 g5
9.Bf4g3 Bf8g7
10.O-O-O Nf6h5
11.Qd4e3 Rh8f8
12.e5 Nh5xg3
13.hxg3 Bg7xe5
14.f4 f6
15.fxe5 fxe5
16.Rh1xh6 Qd8e7
17.Qe3e4 Bc8f5
18.Qe4xb7 Qe7d8
19.Bc4b5 Bf5d7
20.Bb5xd7 Kxd7
21.Rh6h7 Ke6
22.Qb7xc7 Qd8xc7
23.Rh7xc7 Rf8f2
24.Rd1g1 a5
25.Rc7c6 Rf2f7
26.Nc3b5 Rf7d7
27.Rg1d1 Ra8d8
28.Rc6a6 e4
29.Ra6xa5 d5
30.Nb5d4 Ke7
31.Nd4c6 Ke6
32.Nc6xd8 Rd7xd8
33.c4 d4
34.Ra5xg5 d3
35.Rg5g4 e3
36.Rg4e4 Kf5
37.Re4xe3 { resign }
1-0

[Event "1/8 Finale"]
[Site "www.chess-mail.com"]
[Date "2015.03.07"]
[Round "1"]
[White "Asoka"]
[Black "Danquigley"]
[WhiteElo "2650"]
[BlackElo "2600"]
[Result "1-0"]
[Round "1"]
1.d4 Ng8f6
2.c4 g6
3.Nb1c3 d5
4.cxd5 Nf6xd5
5.e4 Nd5xc3
6.bxc3 Bf8g7
7.Bf1c4 O-O
8.Ng1e2 c5
9.O-O Nb8c6
10.Bc1e3 Bc8g4
11.f3 Bg4d7
12.Ra1b1 Qd8c7
13.Qd1d2 Ra8d8
14.Rf1c1 Bd7c8
15.Qd2e1 Nc6a5
16.Bc4d3 Na5c6
17.Bd3b5 a6
18.Bb5xc6 bxc6
19.dxc5 Rd8d3
20.Ne2f4 Rd3d7
21.Rb1b6 e5
22.Nf4h3 f5
23.Qe1e2 Kh8
24.Qe2c4 Qc7d8
25.Kh1 Rd7d3
26.Be3g5 Rd3d1
27.Rc1xd1 Qd8xd1
28.Nh3g1 Qd1d7
29.exf5 gxf5
30.Qc4a4 Bc8b7
31.Rb6b1 Qd7f7
32.Ng1e2 Bb7c8
33.Rb1b6 Rf8g8
34.Qa4xc6 Qf7xa2
35.Ne2g1 Qa2f7
36.Qc6a8 Rg8e8
37.c6 h6
38.Bg5e3 Re8g8
39.Rb6b8 Qf7e8
40.Ng1e2 Kh7
41.c7 Qe8d7
42.Be3b6 Qd7d1
43.Ne2g1 Qd1d7
44.c4 Bg7f6
45.Qa8d5 Qd7g7
46.g3 Qg7f8
47.Ng1e2 Qf8e8
48.Kg2 Bf6g7
49.Kf2 Rg8h8
50.Bb6c5 Rh8g8
51.Rb8b6 a5
52.Rb6d6 Rg8h8
53.Rd6d8 Qe8e6
54.Ne2c3 Qe6g6
55.Qd5a8 Qg6a6
56.Qa8xa6 Bc8xa6
57.Bc5b6 { resign }
1-0

[Event "Eq:Cats in the rain-Los Tercios : "]
[Site "www.chess-mail.com"]
[Date "2015.03.07"]
[Round "1"]
[White "Shihchuliao"]
[Black "Kooru"]
[WhiteElo "1990"]
[BlackElo "1630"]
[Result "1-0"]
[Round "1"]
1.d4 Ng8f6
2.Nb1c3 d5
3.h3 c6
4.Ng1f3 h6
5.e3 e6
6.Nf3e5 Qd8e7
7.Bf1d3 Nb8d7
8.Qd1f3 Nd7xe5
9.dxe5 Nf6d7
10.Qf3g3 Qe7g5
11.Qg3xg5 hxg5
12.f4 gxf4
13.exf4 Rh8h4
14.g3 Rh4h8
15.Bc1d2 Nd7c5
16.O-O-O Nc5xd3
17.cxd3 d4
18.Nc3e2 c5
19.Kb1 g6
20.Rh1h2 Bc8d7
21.a3 Bd7a4
22.Rd1c1 b6
23.Ka2 Ba4b5
24.b4 Ra8d8
25.Kb3 Bf8e7
26.Kc2 f6
27.Rc1h1 g5
28.exf6 Be7xf6
29.fxg5 Bf6e5
30.h4 c4
31.Ne2c1 Bb5a4
32.Kb1 c3
33.Bd2f4 Be5xf4
34.gxf4 Ba4c6
35.Rh1g1 Bc6d5
36.g6 Kd7
37.g7 Rh8g8
38.h5 a5
39.h6 axb4
40.h7 Kc6
41.hxg8Q Rd8xg8
42.axb4 Kb5
43.Rh2h8 Rg8xg7
44.Rg1xg7 Kxb4
45.Rh8d8 Kc5
46.Rg7d7 { resign }
1-0

[Event "Eq:Equipo Juan Diaz-Los Tercios : "]
[Site "www.chess-mail.com"]
[Date "2015.03.07"]
[Round "1"]
[White "Alejo"]
[Black "Kukulcan"]
[WhiteElo "2090"]
[BlackElo "1800"]
[Result "1-0"]
[Round "1"]
1.e4 c5
2.Ng1f3 d6
3.d4 cxd4
4.Nf3xd4 Ng8f6
5.Nb1c3 e6
6.g4 h6
7.h4 Nb8c6
8.Rh1g1 d5
9.exd5 Nf6xd5
10.Nc3xd5 Qd8xd5
11.Bf1g2 Qd5a5
12.Bc1d2 Qa5e5
13.Bd2e3 Bc8d7
14.Nd4xc6 Bd7xc6
15.Bg2xc6 bxc6
16.Qd1d4 Qe5xd4
17.Be3xd4 c5
18.Bd4e3 Kd7
19.O-O-O Kc6
20.Rd1d2  { time }
1-0

[Event "Eq:La Taverne-Equipo Juan Diaz : "]
[Site "www.chess-mail.com"]
[Date "2015.03.07"]
[Round "1"]
[White "Hijodeputa"]
[Black "Oxycontin"]
[WhiteElo "1890"]
[BlackElo "2030"]
[Result "0-1"]
[Round "1"]
1.d4 Ng8f6
2.c4 e6
3.Nb1c3 Bf8b4
4.Qd1c2 Qd8e7
5.a3 Bb4xc3
6.Qc2xc3 b6
7.Bc1g5 Bc8b7
8.f3 d5
9.e3 Nb8d7
10.Bf1d3 c5
11.cxd5 exd5
12.Ng1e2 Ra8c8
 { time }
0-1

[Event "Eq:La Taverne-SIETE ESTRELLAS VERDES : "]
[Site "www.chess-mail.com"]
[Date "2015.03.07"]
[Round "1"]
[White "Louis"]
[Black "Paco"]
[WhiteElo "1870"]
[BlackElo "1910"]
[Result "0-1"]
[Round "1"]
1.e4 e5
2.Ng1f3 Nb8c6
3.Bf1b5 Ng8f6
4.O-O Bf8d6
5.Nb1c3 O-O
6.d3 Nc6d4
7.Bc1e3 c6
8.Nf3xd4 exd4
9.Be3xd4 cxb5
10.e5 b4
11.Nc3b5 Bd6e7
12.exf6 Be7xf6
13.Qd1f3 Bf6xd4
14.Nb5xd4 Qd8b6
15.Qf3f4 Qb6g6
16.Nd4b5 Qg6c6
17.Nb5c7 b5
18.Rf1e1 Bc8b7
19.Re1e7 Qc6xg2
{ resign }
0-1

[Event "Eq:Team USA-Slap Shot Mates : "]
[Site "www.chess-mail.com"]
[Date "2015.03.07"]
[Round "1"]
[White "Geodad5"]
[Black "Olddog55"]
[WhiteElo "2120"]
[BlackElo "1710"]
[Result "1-0"]
[Round "1"]
1.e4 e5
2.Ng1f3 Nb8c6
3.d4 d6
4.d5 Nc6d4
5.Nf3xd4 exd4
6.Qd1xd4 c5
7.Qd4d1 Ng8f6
8.Nb1c3 Qd8a5
9.Bc1d2 Qa5b4
10.Bf1d3 Qb4d4
11.Bd2e3 Qd4b4
12.Ra1b1 g6
13.O-O Bf8g7
14.a3 Qb4b6
15.h3 O-O
16.Qd1d2 Bc8d7
17.f4 Nf6h5
18.g4 Nh5f6
19.Nc3e2 Bd7b5
20.c4 Bb5a4
21.Ne2g3 h5
22.gxh5 gxh5
23.Kh1 h4
24.Ng3f5 Ba4d7
25.Nf5xg7 Kxg7
26.Rf1g1 Kh8
27.Qd2f2 Nf6h7
28.Qf2xh4 Qb6b3
29.Rg1d1 Bd7a4
30.e5 f5
31.exf6 Rf8f7
32.Qh4h5 Ba4e8
33.Be3f2 Qb3b6
34.Rd1e1 Qb6d8
35.Bf2h4 Kg8
36.Re1g1 Kh8
37.Rg1g7 Rf7xg7
38.fxg7 Kxg7
39.Qh5xh7 { resign }
1-0

[Event "Tourn. n8060"]
[Site "www.chess-mail.com"]
[Date "2015.03.08"]
[Round "1"]
[White "Difficult"]
[Black "Ffdd65"]
[WhiteElo "2090"]
[BlackElo "2140"]
[Result "1/2-1/2"]
[Round "1"]
1.d4 d5
2.Nb1c3 g6
3.Ng1f3 Bf8g7
4.g3 e6
5.Bf1g2 Ng8e7
6.O-O O-O
7.Bc1f4 c6
8.Bf4xb8 Ra8xb8
9.e4 Qd8b6
10.Ra1b1 dxe4
11.Nc3xe4 Rf8d8
12.c3 e5
13.Qd1e2 exd4
14.cxd4 Bg7xd4
15.Nf3xd4 Qb6xd4
16.Rf1d1 Bc8g4
17.Bg2f3 Bg4xf3
{ draw }
1/2-1/2

[Event "Tourn. n8073"]
[Site "www.chess-mail.com"]
[Date "2015.03.08"]
[Round "1"]
[White "Nimzo2"]
[Black "Sunderland"]
[WhiteElo "1859"]
[BlackElo "1540"]
[Result "1-0"]
[Round "1"]
1.e4 c5
2.Ng1f3 d6
3.d4 cxd4
4.Nf3xd4 Ng8f6
5.Nb1c3 g6
6.Bf1e2 Bf8g7
7.Bc1e3 O-O
8.O-O a6
9.f4 Nb8c6
10.Be2f3 h5
11.f5 Nc6e5
12.Bf3e2 Qd8c7
13.Kh1 Ne5c4
14.Be2xc4 Qc7xc4
15.Qd1d2 Nf6g4
16.Be3g1 Ng4e5
17.Nc3d5 Ne5g4
18.Nd5b6 { resign }
1-0

[Event "Tourn. n8083"]
[Site "www.chess-mail.com"]
[Date "2015.03.08"]
[Round "1"]
[White "Kollipaa"]
[Black "Amaya"]
[WhiteElo "2020"]
[BlackElo "1880"]
[Result "0-1"]
[Round "1"]
1.b4 Ng8f6
2.Bc1b2 g6
3.e3 Bf8g7
4.Ng1f3 O-O
5.Bf1e2 d6
6.O-O e5
7.c3 a6
8.a4 Bc8g4
9.d4 exd4
10.exd4 Nb8d7
11.Nb1d2 Rf8e8
12.Rf1e1 Nf6d5
13.h3 Bg4e6
14.Nd2f1 h6
15.Nf3h2 h5
16.Be2f3 Ra8b8
17.Nf1e3 Nd5b6
18.a5 Nb6c4
19.Ne3xc4 Be6xc4
20.Qd1d2 Qd8h4
21.Re1xe8 Rb8xe8
22.Ra1e1 Re8xe1
23.Qd2xe1 Nd7f6
24.Bf3xb7 d5
25.Bb7c6 Nf6e4
26.Nh2f3 Qh4f6
27.Bc6a4 Bg7h6
28.Ba4c2 Ne4g5
29.Bc2d1 Ng5e4
30.Bd1c2 Ne4g5
31.Nf3e5 Qf6e6
32.Qe1d1 Bh6g7
33.Bb2c1 Ng5xh3
34.gxh3 Qe6xh3
35.Bc2d3 Bg7xe5
36.Bd3xc4 Be5h2
37.Kh1 Bh2g3
38.Kg1 Qh3h2
{ resign }
0-1

[Event "Tourn. n8080"]
[Site "www.chess-mail.com"]
[Date "2015.03.08"]
[Round "1"]
[White "Blackpool"]
[Black "Mrbabu"]
[WhiteElo "1990"]
[BlackElo "2010"]
[Result "1/2-1/2"]
[Round "1"]
1.d4 d5
2.c4 e6
3.Nb1c3 Bf8b4
4.cxd5 exd5
5.Bc1d2 Ng8f6
6.e3 O-O
7.Ng1f3 Bc8g4
8.Bf1e2 Nb8c6
9.O-O Bb4xc3
10.Bd2xc3 Nf6e4
11.Ra1c1 h6
12.h3 Bg4h5
13.Nf3d2 Bh5xe2
14.Qd1xe2 Ne4xd2
15.Qe2xd2 f5
16.b4 a6
17.a4 Nc6e7
18.b5 axb5
19.axb5 c6
20.bxc6 bxc6
21.Bc3b4 Ra8c8
22.Rc1a1 Rf8e8
23.Rf1c1 Qd8d7
24.Bb4c5 Ne7g6
25.Ra1a7 Rc8c7
26.Rc1a1 Rc7xa7
27.Ra1xa7 Qd7e6
28.Qd2a2 Kh7
29.Qa2b2 Qe6c8
30.Qb2b6 Re8e6
31.Ra7c7 Qc8a8
32.Qb6b7 { draw }
1/2-1/2

[Event "Tourn. n7997"]
[Site "www.chess-mail.com"]
[Date "2015.03.08"]
[Round "1"]
[White "Blackpool"]
[Black "Falcoale"]
[WhiteElo "1840"]
[BlackElo "1880"]
[Result "0-1"]
[Round "1"]
1.d4 f5
2.e4 d6
3.Bf1d3 fxe4
4.Bd3xe4 Ng8f6
5.Be4d3 Nb8c6
6.c3 e5
7.dxe5 Nc6xe5
8.Ng1f3 Ne5xd3
9.Qd1xd3 Bf8e7
10.O-O O-O
11.Rf1e1 Rf8e8
12.Bc1g5 h6
13.Bg5xf6 Be7xf6
14.Nb1d2 Bc8d7
15.Re1xe8 Bd7xe8
16.Ra1e1 a6
17.h3 Be8b5
18.Qd3c2 d5
19.Nd2b3 b6
20.Nb3d4 Bb5d7
21.Nf3e5 c5
22.Nd4f5 Qd8c8
23.Ne5xd7 Qc8xd7
24.g4 Qd7d8
25.Re1e6 d4
26.cxd4 Bf6xd4
27.Qc2b3 Kh8
28.Re6xb6 c4
{ resign }
0-1

[Event "Tourn. n8008"]
[Site "www.chess-mail.com"]
[Date "2015.03.08"]
[Round "1"]
[White "Comrade"]
[Black "Krasin"]
[WhiteElo "2170"]
[BlackElo "2150"]
[Result "1/2-1/2"]
[Round "1"]
1.c4 f5
2.d4 Ng8f6
3.Nb1c3 g6
4.g3 Bf8g7
5.Bf1g2 O-O
6.Ng1f3 d6
7.O-O Nb8c6
8.d5 Nc6a5
9.Nf3d2 c5
10.a3 Bc8d7
11.b4 cxb4
12.axb4 Na5xc4
13.Nd2xc4 Qd8c7
14.Qd1b3 Rf8c8
15.Nc4xd6 Qc7xc3
16.Qb3xc3 Rc8xc3
17.Nd6xb7 Bd7b5
18.Nb7c5 a6
19.d6 exd6
20.Bg2xa8 dxc5
21.bxc5 Rc3xc5
22.Rf1e1 Rc5c2
23.Ba8f3 Nf6e4
24.Ra1a3 Ne4c3
25.Kf1 Nc3e4
26.Bc1e3 Bg7e5
27.Re1d1 Kf7
28.Rd1c1 Rc2xc1
29.Be3xc1 Ke6
30.Ke1 Be5c3
{ draw }
1/2-1/2

[Event "Tourn. n8012"]
[Site "www.chess-mail.com"]
[Date "2015.03.08"]
[Round "1"]
[White "Samael"]
[Black "Blackpool"]
[WhiteElo "2090"]
[BlackElo "1870"]
[Result "1-0"]
[Round "1"]
1.e4 c6
2.Ng1f3 d5
3.exd5 cxd5
4.d4 Ng8f6
5.Nb1c3 g6
6.Bf1e2 Bf8g7
7.O-O O-O
8.h3 Nb8c6
9.Rf1e1 Nf6e4
10.Bc1e3 Ne4xc3
11.bxc3 e5
12.Ra1b1 e4
13.Nf3h2 f5
14.Qd1d2 b6
15.Be3h6 Qd8c7
16.Bh6xg7 Kxg7
17.f3 Bc8d7
18.c4 Bd7e6
19.cxd5 Be6xd5
20.c4 Bd5f7
21.Qd2c3 Kg8
22.d5 exf3
23.Be2xf3 Nc6a5
24.Re1c1 Rf8e8
25.d6 Qc7xd6
26.Bf3xa8 Re8xa8
27.c5 { resign }
1-0

[Event "Tourn. n8094"]
[Site "www.chess-mail.com"]
[Date "2015.03.08"]
[Round "1"]
[White "Manolinex"]
[Black "Woodpusher2"]
[WhiteElo "2730"]
[BlackElo "2540"]
[Result "1-0"]
[Round "1"]
1.g3 d5
2.Bf1g2 Ng8f6
3.Ng1f3 c5
4.O-O g6
5.d4 Bf8g7
6.dxc5 O-O
7.c3 Qd8c7
8.b4 Nb8c6
9.Nf3d4 a5
10.b5 Nc6d8
11.a4 Qc7xc5
12.Bc1a3 Qc5c7
13.b6 Qc7xb6
14.Ba3xe7 Rf8e8
15.Be7xf6 Bg7xf6
16.e3 Bc8e6
17.Nb1a3 Nd8c6
18.Nd4xe6 fxe6
19.Na3b5 Re8e7
20.Ra1b1 Qb6c5
21.Qd1b3 Ra8d8
22.Rf1d1 Kg7
23.Nb5d4 Rd8d6
24.Bg2h3 Nc6d8
25.Bh3g4 Rd6d7
26.h4 Rd7c7
27.Rd1d3 Bf6xd4
28.exd4 Qc5c4
29.Qb3d1 Nd8f7
30.Rd3e3 Qc4c6
31.Qd1e2 Qc6xa4
32.Rb1e1 Qa4c6
33.Qe2f3 Nf7d8
34.Qf3f4 Qc6d7
35.h5 Re7f7
36.Qf4e5 Kg8
37.hxg6 hxg6
38.Qe5g5 Rc7c6
39.Bg4h5 Qd7e7
40.Qg5xg6 Rf7g7
41.Qg6c2 b5
42.Re1a1 a4
43.Qc2b2 Qe7g5
44.Bh5e2 Rg7b7
45.Be2d3 Qg5f6
46.Kg2 Rb7f7
47.f4 Rf7b7
48.Ra1h1 Rc6b6
49.Qb2a3 { resign }
1-0

[Event "Tourn. n8051"]
[Site "www.chess-mail.com"]
[Date "2015.03.08"]
[Round "1"]
[White "Difficult"]
[Black "Cathar"]
[WhiteElo "2060"]
[BlackElo "2120"]
[Result "0-1"]
[Round "1"]
1.d4 Ng8f6
2.c4 e6
3.Ng1f3 d5
4.cxd5 exd5
5.Bc1g5 Bf8b4
6.Nb1d2 h6
7.Bg5xf6 Qd8xf6
8.a3 Bb4d6
9.g3 O-O
10.Bf1g2 c6
11.O-O Bc8f5
12.b4 a6
13.Nd2b3 Nb8d7
14.e3 Nd7b6
15.Nb3c5 Ra8b8
16.Qd1b3 Nb6c4
17.Ra1c1 Bd6xc5
18.dxc5 Bf5e4
19.Nf3d4 Be4xg2
20.Kxg2 Nc4d2
{ resign }
0-1

[Event "Tourn. n8074"]
[Site "www.chess-mail.com"]
[Date "2015.03.08"]
[Round "1"]
[White "Seger"]
[Black "Faerieking"]
[WhiteElo "2640"]
[BlackElo "2220"]
[Result "1-0"]
[Round "1"]
1.e4 e5
2.Ng1f3 f5
3.Nf3xe5 Nb8c6
4.Qd1h5 g6
5.Ne5xg6 Ng8f6
6.Qh5h3 fxe4
7.Ng6xh8 d5
8.Qh3b3 Bc8d7
9.Nb1a3 Nc6d4
10.Qb3c3 c5
11.Qc3g3 Qd8e7
12.c3 Nd4e6
13.Na3b5 Bd7c6
14.Nb5xa7 Bf8g7
15.Bf1e2 Bg7xh8
16.Na7xc6 bxc6
17.d3 exd3
18.Qg3xd3 c4
19.Qd3h3 O-O-O
20.O-O Kb7
21.b3 { resign }
1-0

[Event "Tourn. n8059"]
[Site "www.chess-mail.com"]
[Date "2015.03.08"]
[Round "1"]
[White "Groz"]
[Black "Fresnel"]
[WhiteElo "1809"]
[BlackElo "1729"]
[Result "1-0"]
[Round "1"]
1.g3 d5
2.Bf1g2 e5
3.e3 Ng8f6
4.Ng1e2 Nb8c6
5.O-O Bf8d6
6.a3 O-O
7.d4 e4
8.c4 dxc4
9.Nb1d2 Bc8e6
10.Nd2xe4 Nf6xe4
11.Bg2xe4 f5
12.Be4g2 Nc6a5
13.Ra1b1 c6
14.Bc1d2 Na5b3
15.Ne2c1 Nb3xd2
16.Qd1xd2 Qd8d7
17.d5 cxd5
18.Nc1e2 Bd6e5
19.Rf1d1 Ra8d8
20.Ne2f4  { time }
1-0

[Event "Tourn. n7874"]
[Site "www.chess-mail.com"]
[Date "2015.03.08"]
[Round "1"]
[White "Naujzaid"]
[Black "Seger"]
[WhiteElo "2200"]
[BlackElo "2700"]
[Result "0-1"]
[Round "1"]
1.d4 Ng8f6
2.c4 e6
3.Nb1c3 d5
4.cxd5 exd5
5.Bc1g5 c6
6.Ng1f3 Bf8d6
7.e3 Bc8f5
8.Bf1d3 Bf5xd3
9.Qd1xd3 Nb8d7
10.O-O O-O
11.a3 Rf8e8
12.b4 a6
13.Rf1b1 Qd8b8
14.a4 Nf6e4
15.Bg5h4 Qb8c7
16.Bh4g3 Bd6xg3
17.hxg3 Nd7f6
18.Nf3e5 Qc7e7
19.b5 axb5
20.axb5 c5
21.Ne5f3 Ra8xa1
22.Rb1xa1 c4
23.Qd3c2 Qe7b4
24.Nc3xe4 Nf6xe4
25.Ra1b1 Qb4a5
26.Nf3e5 f6
27.Ne5f3 Re8a8
28.Nf3h4 g6
29.g4 Qa5a4
30.Qc2xa4 Ra8xa4
31.f3 Ne4c3
{ resign }
0-1

[Event "Tourn. n7936"]
[Site "www.chess-mail.com"]
[Date "2015.03.08"]
[Round "1"]
[White "Blackpool"]
[Black "Maredocla"]
[WhiteElo "1840"]
[BlackElo "1910"]
[Result "0-1"]
[Round "1"]
1.e4 c5
2.b3 Nb8c6
3.Bc1b2 d6
4.Bf1b5 Bc8d7
5.Ng1f3 a6
6.Bb5xc6 Bd7xc6
7.d3 e5
8.O-O g6
9.Nb1d2 Bf8g7
10.Rf1e1 b5
11.a3 Ng8f6
12.h3 O-O
13.Nd2f1 Qd8c8
14.Nf1g3 Bc6d7
15.Bb2c1 Rf8e8
16.Bc1g5 h6
17.Bg5xf6 Bg7xf6
18.Qd1d2 Bf6g7
19.Kh2 g5
20.Ng3h5 g4
21.hxg4 Bd7xg4
22.Nh5xg7 Kxg7
23.Re1h1 Bg4xf3
24.gxf3 Re8e6
25.Rh1g1 Re6g6
26.Rg1xg6 fxg6
27.a4 b4
28.Ra1g1 Qc8d8
29.Rg1g4 Qd8f6
30.Qd2e3 Ra8f8
31.Rg4g3 h5
32.Kg2 Qf6f4
33.Rg3h3 Qf4xe3
34.fxe3 Rf8d8
35.f4 d5
36.exd5 Rd8xd5
37.fxe5 Rd5xe5
38.Kf3 Re5f5
39.Kg2 Kh6
40.e4 Rf5e5
41.Rh3f3 Re5e6
42.Rf3f8 h4
43.Kh3 g5
44.Kg4 Kg7
45.Rf8f5 Re6h6
46.Rf5xg5 Kf7
47.Rg5h5 Rh6xh5
{ resign }
0-1

[Event "Tourn. n8078"]
[Site "www.chess-mail.com"]
[Date "2015.03.08"]
[Round "1"]
[White "Liencam2"]
[Black "Guidom"]
[WhiteElo "2270"]
[BlackElo "2060"]
[Result "1-0"]
[Round "1"]
1.e4 e5
2.Ng1f3 Nb8c6
3.d4 exd4
4.c3 dxc3
5.Bf1c4 d6
6.O-O Bc8e6
7.Bc4xe6 fxe6
8.Qd1b3 Qd8c8
9.Nf3g5 Nc6d8
10.Nb1xc3 Bf8e7
11.Ng5h3 Ng8f6
12.f4 Nd8f7
13.e5 Nf6g8
14.exd6 Be7xd6
15.Rf1e1 e5
16.fxe5 Bd6e7
17.Bc1f4 a6
18.Nc3d5 Be7c5
19.Kh1 Ng8e7
20.Nd5f6 Kf8
21.e6 Nf7d6
22.Nf6d7 Ke8
23.Ra1c1 b6
24.Nd7xc5 bxc5
25.Rc1xc5 Qc8d8
26.Qb3a4 Kf8
27.Bf4e5 Ne7g6
28.Be5c3 h6
29.Nh3f4 Ng6e7
30.Qa4c2 Ra8c8
31.Nf4h5 Nd6e8
32.Qc2f2 Kg8
33.Qf2f7 { resign }
1-0

[Event "Tourn. n8046"]
[Site "www.chess-mail.com"]
[Date "2015.03.08"]
[Round "1"]
[White "Maxlou"]
[Black "E4player"]
[WhiteElo "1770"]
[BlackElo "1809"]
[Result "0-1"]
[Round "1"]
1.d4 Ng8f6
2.Ng1f3 e6
3.Bc1f4 b6
4.e3 Bc8b7
5.c4 Nf6h5
6.Bf4g5 Bf8e7
7.Bg5xe7 Qd8xe7
8.Nb1c3 f5
9.a3 Nh5f6
10.Bf1d3 O-O
11.O-O Kh8
12.Rf1e1 Nf6e4
13.Ra1c1 c5
14.dxc5 bxc5
15.Bd3xe4 fxe4
16.Nf3d2 d5
17.Nd2b3 Rf8f5
18.Nc3a4 Nb8d7
19.cxd5 Qe7h4
20.Na4xc5 Nd7e5
21.dxe6 Rf5g5
22.e7 Ne5f3
23.Kf1 Nf3xh2
24.Ke2 Rg5xg2
25.Re1f1 Qh4xe7
26.Nc5xb7 Qe7xb7
27.Rf1g1 Qb7b5
{ resign }
0-1

[Event "Tourn. n8063"]
[Site "www.chess-mail.com"]
[Date "2015.03.08"]
[Round "1"]
[White "Averoes"]
[Black "Comrade"]
[WhiteElo "2170"]
[BlackElo "2170"]
[Result "1-0"]
[Round "1"]
1.d4 d5
2.c4 dxc4
3.Ng1f3 Ng8f6
4.e3 e6
5.Bf1xc4 c5
6.O-O Nb8c6
7.Nb1c3 Bf8e7
8.dxc5 Be7xc5
9.a3 O-O
10.Qd1e2 Bc8d7
11.Rf1d1 a6
12.b4 Bc5e7
13.Bc1b2 b5
14.Bc4d3 Qd8c7
15.Ra1c1 Ra8c8
16.e4 Rf8d8
17.e5  { time }
1-0

[Event "Tourn. n7979"]
[Site "www.chess-mail.com"]
[Date "2015.03.08"]
[Round "1"]
[White "Bjonil60"]
[Black "Kesalon"]
[WhiteElo "1300"]
[BlackElo "1699"]
[Result "0-1"]
[Round "1"]
1.d4 Ng8f6
2.Ng1f3 d5
3.e3 Bc8g4
4.Bf1e2 e6
5.h3 Bg4h5
6.g4 Bh5g6
7.O-O c5
8.Nb1c3 Bf8d6
9.a3 Nb8c6
10.b3 Ra8c8
11.dxc5 Bd6xc5
12.b4 Bc5b6
13.Nf3h2 O-O
14.f3 Nc6xb4
15.axb4 Rc8xc3
16.Bc1b2 Bb6xe3
17.Kh1 Rc3xc2
18.Ra1a2 d4
19.f4 Bg6e4
20.Be2f3 Be4xf3
21.Nh2xf3 Rc2c8
22.g5 Nf6e4
23.Kg2 Qd8d5
24.Ra2a3 Ne4d2
25.Rf1h1 Nd2xf3
26.Kg3 Nf3d2
27.Rh1h2 Nd2e4
28.Kg4 Ne4f2
29.Rh2xf2 Be3xf2
30.Ra3f3 Qd5f5
31.Kh5 Bf2e3
32.Bb2xd4 Rf8d8
33.Qd1e2 Be3xd4
34.h4 g6
35.Kh6 Bd4g7

0-1

[Event "Tourn. n7867"]
[Site "www.chess-mail.com"]
[Date "2015.03.08"]
[Round "1"]
[White "Greghghs"]
[Black "Tartan"]
[WhiteElo "2410"]
[BlackElo "2370"]
[Result "1/2-1/2"]
[Round "1"]
1.e4 c5
2.Ng1f3 e6
3.d4 cxd4
4.Nf3xd4 a6
5.c4 Ng8f6
6.Nb1c3 Bf8b4
7.Bf1d3 Nb8c6
8.Nd4e2 Qd8c7
9.a3 Bb4e7
10.O-O O-O
11.b3 d6
12.Bc1b2 Nf6g4
13.Bd3c2 Bc8d7
14.Ne2g3 Ng4e5
15.Kh1 Ne5g6
16.f4 Rf8c8
17.Qd1h5 b5
18.f5 Ng6e5
19.cxb5 Nc6d4
20.Ra1c1 axb5
21.Nc3d5 exd5
22.Bb2xd4 Ra8xa3
23.exd5 f6
24.Ng3e2 Qc7b7
25.Ne2f4 Be7d8
26.Qh5e2 Ra3a2
27.Qe2e4 Qb7c7
28.Rf1f2 Qc7a5
29.Rf2f1 Bd8b6
30.Bd4xb6 Qa5xb6
31.Nf4e6 b4
32.Qe4d4 Qb6xd4
33.Ne6xd4 Rc8c5
34.Bc2e4 Rc5xc1
35.Rf1xc1 Ra2d2
36.Nd4f3 Ne5xf3
37.gxf3 Kf8
38.Rc1c7 Ke7
39.Rc7b7 { draw }
1/2-1/2

[Event "Tourn. n8015"]
[Site "www.chess-mail.com"]
[Date "2015.03.08"]
[Round "1"]
[White "Fresnel"]
[Black "Genius9"]
[WhiteElo "1499"]
[BlackElo "1510"]
[Result "0-1"]
[Round "1"]
1.d4 d5
2.c4 dxc4
3.Ng1f3 a6
4.e3 e6
5.Bf1xc4 c5
6.O-O Ng8f6
7.Nb1c3 b5
8.Bc4d3 Bc8b7
9.Qd1e2 Bf8e7
10.Rf1d1 cxd4
11.exd4 O-O
12.Bc1g5 Nb8d7
13.Ra1c1 Nd7b6
14.Nf3e5 Nb6d5
15.Nc3xd5 Qd8xd5
16.f3 Qd5xd4
 { time }
0-1

[Event "Tourn. n8033"]
[Site "www.chess-mail.com"]
[Date "2015.03.08"]
[Round "1"]
[White "Julian"]
[Black "Luban"]
[WhiteElo "1950"]
[BlackElo "2090"]
[Result "0-1"]
[Round "1"]
1.e4 c5
2.Ng1f3 d6
3.d4 cxd4
4.Nf3xd4 Ng8f6
5.Nb1c3 a6
6.a4 e6
7.f3 Bf8e7
8.Bc1e3 Bc8d7
9.Bf1c4 Nb8c6
10.O-O O-O
11.Qd1d2 Qd8c7
12.Bc4e2 Ra8c8
13.Ra1d1 Nc6b4
14.g4 Nf6e8
15.Be3g5 Be7xg5
16.f4 Bg5f6
17.g5 Bf6xd4
18.Qd2xd4 Nb4xc2
19.Qd4f2 Nc2b4
20.h4 Qc7c5
21.Qf2xc5 Rc8xc5
22.Be2g4 f6
23.Bg4h5 g6
24.Bh5f3 Bd7c6
25.f5 exf5
26.exf5 Bc6xf3
27.Rf1xf3 fxg5
28.hxg5 Rf8xf5
29.Rf3xf5 Rc5xf5
30.Nc3e4 d5
31.Ne4f6 Ne8xf6
32.gxf6 Rf5xf6
33.Rd1d4 a5
34.Kg2 Kf7
35.Kg3 Ke6
36.Kg4 h6
37.Rd4d1 Kd6
38.Rd1c1 Nb4c6
39.b3 d4
40.Rc1c4 Nc6e5
{ resign }
0-1

[Event "Tourn. n7963"]
[Site "www.chess-mail.com"]
[Date "2015.03.08"]
[Round "1"]
[White "George1955"]
[Black "Fanny33"]
[WhiteElo "2650"]
[BlackElo "2710"]
[Result "0-1"]
[Round "1"]
1.e4 c5
2.Ng1f3 d6
3.d4 cxd4
4.Nf3xd4 Ng8f6
5.Nb1c3 a6
6.Bc1e3 e5
7.Nd4b3 Bc8e6
8.f3 Bf8e7
9.Qd1d2 O-O
10.O-O-O Nb8d7
11.g4 b5
12.g5 b4
13.Nc3e2 Nf6e8
14.f4 a5
15.f5 Be6xb3
16.cxb3 a4
17.bxa4 Ra8xa4
18.b3 Ra4a5
19.Kb1 d5
20.exd5 Be7c5
21.Be3xc5 Nd7xc5
22.Qd2xb4 Qd8a8
23.Ne2c1 Ne8d6
24.g6 f6
25.gxh7 Kh8
26.Rh1g1 Rf8b8
27.Qb4g4 Qa8a7
28.Rg1g2 Nc5e4
29.Qg4f3 Ra5c5
30.Rd1e1 Qa7a3
31.Qf3e3 Rb8c8
32.Nc1d3 Ne4c3
33.Ka1 Rc5a5
34.Nd3c1 Nd6xf5
35.Qe3d2 Nf5d4
36.Bf1c4 Nc3xa2
37.Nc1xa2 Rc8xc4
38.Re1b1 Rc4c1
39.Qd2xc1 Nd4xb3
40.Rb1xb3 Qa3xc1
41.Rb3b1 Qc1c3
42.Rb1b2 Qc3c4
43.Kb1 Qc4xd5
{ resign }
0-1

[Event "Tourn. n8049"]
[Site "www.chess-mail.com"]
[Date "2015.03.08"]
[Round "1"]
[White "Difficult"]
[Black "Aperturaf"]
[WhiteElo "2040"]
[BlackElo "2270"]
[Result "0-1"]
[Round "1"]
1.c4 e6
2.Nb1c3 d5
3.cxd5 exd5
4.d4 Ng8f6
5.Ng1f3 Bf8b4
6.Bc1d2 O-O
7.e3 Bc8f5
8.Bf1e2 c6
9.O-O Bb4d6
10.Rf1e1 h6
11.h3 Nb8d7
12.a3 Rf8e8
13.b4 Nf6e4
14.Ra1c1 a5
15.Qd1b3 Re8e6
16.Re1d1 Re6g6
17.Kf1 Qd8f6
18.b5 Rg6xg2
19.Kxg2 Qf6g6
20.Kf1 Bf5xh3
21.Ke1 Qg6g2
22.Nc3xe4 Qg2h1
{ resign }
0-1

[Event "Tourn. n7917"]
[Site "www.chess-mail.com"]
[Date "2015.03.08"]
[Round "1"]
[White "Jpmartinez"]
[Black "Kermet"]
[WhiteElo "2630"]
[BlackElo "2520"]
[Result "1/2-1/2"]
[Round "1"]
1.d4 Ng8f6
2.c4 e6
3.Nb1c3 Bf8b4
4.e3 O-O
5.Ng1e2 d5
6.a3 Bb4e7
7.cxd5 exd5
8.Ne2f4 c6
9.Bf1d3 Rf8e8
10.O-O Nb8d7
11.f3 Be7d6
12.e4 c5
13.Nf4xd5 Nf6xd5
14.exd5 cxd4
15.Nc3e4 Nd7c5
16.Ne4xd6 Qd8xd6
17.Bd3b5 Bc8d7
18.Bb5xd7 Nc5xd7
19.Qd1xd4 Nd7f6
20.Rf1d1 Nf6xd5
21.Bc1e3 a6
22.Be3f2 Ra8d8
23.Rd1d2 Qd6c6
24.Ra1d1 Rd8d7
25.b3 Nd5f6
26.Qd4c4 Rd7xd2
27.Rd1xd2 Qc6xc4
28.bxc4 h5
29.Kf1 Kh7
30.Rd2b2 Re8e7
31.Bf2g3 Kg6
32.Kf2 Kf5
33.h3 Re7d7
34.Bg3h4 Rd7c7
{ draw }
1/2-1/2

[Event "Match"]
[Site "www.echecsemail.com"]
[Date "2015.03.08"]
[Round "1"]
[White "Jaalston"]
[Black "Noobasaurus"]
[WhiteElo "1749"]
[BlackElo "1249"]
[Result "0-1"]
[Round "1"]
1.e4 c5
2.d3 Nb8c6
3.Ng1f3 d6
4.g3 Bc8g4
5.Nb1d2 Qd8d7
6.Bf1g2 O-O-O
7.O-O Bg4h3
8.b3 e5
9.Bc1b2 Bf8e7
10.Kh1 h5
11.Nf3g1 Bh3g4
12.f3 Bg4e6
13.c3 h4
14.Qd1e1 h3
15.g4 hxg2
16.Kxg2 Be7g5
17.Nd2c4 { time. }
0-1

[Event "Match"]
[Site "www.echecsemail.com"]
[Date "2015.03.08"]
[Round "1"]
[White "Rindrandria"]
[Black "Ranjachess"]
[WhiteElo "1560"]
[BlackElo "1690"]
[Result "1-0"]
[Round "1"]
1.e3 Ng8f6
2.g4 d5
3.g5 Nf6e4
4.f4 g6
5.d3 Ne4c5
6.b4 Bf8g7
7.c3 Nc5a6
8.Bc1a3 Qd8d6
9.d4 Bc8f5
10.b5 Qd6e6
11.Qd1a4 Qe6d7
12.Qa4b3 Bf5e4
13.Bf1h3 e6
14.bxa6 Nb8xa6
15.Qb3xb7 Qd7c8
16.Qb7c6 Kd8
17.Bh3f1 Ra8b8
18.Bf1xa6 Rb8b6
19.Qc6c5 Bg7f8
20.Qc5xf8 Rh8xf8
21.Ba6xc8 Rf8e8
22.Ba3c5 Rb6b5
23.Bc8a6 Rb5xb1
24.Ra1xb1 Be4xb1
25.Ng1e2 Bb1xa2
26.O-O Kd7
27.Bc5xa7 Re8a8
28.Rf1a1 Ra8xa7
29.Ra1xa2 Kc6
30.Ba6c4 Kb6
31.Ra2xa7 Kxa7
32.Bc4b3 Kb6
33.Ne2c1 c5
34.dxc5 Kxc5
35.Nc1d3 Kd6
36.Nd3e5 Ke7
37.Bb3c2 f6
38.Ne5c6 Kf7
39.h4 Kg7
40.Nc6d4 e5
41.Nd4e6 Kf7
42.f5 e4
43.Ne6f4 gxf5
44.Nf4xd5 fxg5
45.hxg5 Kg6
46.c4 Kxg5
47.c5 h5
48.Nd5f4 h4
49.c6 Kg4
50.Kg2 Kg5
51.c7 Kf6
52.c8Q Kg5
53.Bc2d1 Kf6
54.Qc8e6 Kg7
55.Bd1h5 { resign }
1-0